书目信息 |
| 题名: |
石评梅选集
|
|
| 作者: | 屈毓秀 , 尤敏 编 | |
| 分册: | ||
| 出版信息: | 太原 山西人民出版社 1985 |
|
| 页数: | 471页 | |
| 开本: | 20cm | |
| 丛书名: | ||
| 单 册: | ||
| 中图分类: | I216.2 , I211 | |
| 科图分类: | ||
| 主题词: | 文学--作品--中国--现代--选集 | |
| 电子资源: | ||
| ISBN: | ||
| 000 | 00611nam0 2200229 45 | |
| 001 | 1570765333 | |
| 005 | 20150127213858.95 | |
| 010 | @dCNY3.10 | |
| 100 | @a19951026d1985 em y0chiy0121 ea | |
| 101 | 0 | @achi |
| 102 | @aCN@b140000 | |
| 105 | @af z 000zy | |
| 200 | 10 | @a石评梅选集@Ashi ping mei xuan ji@f屈毓秀,尤敏编 |
| 210 | @a太原@c山西人民出版社@d1985 | |
| 215 | @a471页@c照片@d20cm | |
| 606 | @a文学@x作品@y中国@z现代@x选集 | |
| 690 | @aI216.2@v3 | |
| 690 | @aI211@v4 | |
| 701 | 0 | @a屈毓秀@4编@Aqu yu xiu |
| 701 | 0 | @a尤敏@4编@Ayou min |
| 801 | 0 | @aCN@bTSSF@c20150127 |
| 905 | @aZUCC@dI211@eJY221 | |
| 石评梅选集/屈毓秀,尤敏编.-太原:山西人民出版社,1985 |
| 471页:照片;20cm |
| ISBN :CNY3.10 |
| ● |
| 相关链接 |
|
|
|
|
正题名:石评梅选集
索取号:I211/JY221
 
预约/预借
| 序号 | 登录号 | 条形码 | 馆藏地/架位号 | 状态 | 备注 |
| 1 | 7835855 | 278358554 | 学院路分馆/ [索取号:I211/JY221] | 在馆 |